[Event "2. Memorial Oliver Gonzalez 2011"]
[Site "Madrid ESP"]
[Date "2011.10.16"]
[Round "9.23"]
[White "Rodrigo Yanguas, Maria"]
[Black "Montoya Pecurul, Marc"]
[Result "1/2-1/2"]
[WhiteElo "2135"]
[BlackElo "1776"]
[PlyCount "136"]
[EventDate "2011.10.08"]
[EventType "swiss"]
[EventRounds "9"]
[EventCountry "ESP"]
[Source "lmi"]
[SourceDate "2011.10.08"]

1. e4 c5 2. Nf3 d6 3. d4 cxd4 4. Nxd4 Nf6 5. Nc3 g6 6. Be2 Bg7 7. O-O Nc6 8.
Nb3 Be6 9. Bg5 O-O 10. Kh1 Rc8 11. f4 a6 12. Qe1 b5 13. Bf3 Qc7 14. Nd5 Bxd5
15. exd5 Nd8 16. c3 Re8 17. Rd1 Nb7 18. Nd4 Na5 19. Rf2 Nc4 20. Re2 Nb6 21. Nc6
Kf8 22. Qh4 h5 23. Nxe7 Rxe7 24. Bxf6 Rxe2 25. Bxe2 Re8 26. Bf3 Nd7 27. Bxg7+
Kxg7 28. f5 Nf6 29. Qd4 Re5 30. fxg6 fxg6 31. a4 bxa4 32. Qxa4 Qb6 33. Qa1 Qb5
34. Qa2 Ne4 35. Bxe4 Rxe4 36. h3 Re2 37. c4 Qb6 38. Rf1 Qxb2 39. Qxa6 Rxg2 40.
Qxd6 Rf2 41. Qe7+ Kg8 42. Qe6+ Kg7 43. Rxf2 Qxf2 44. Qe7+ Kh6 45. Qe4 Qf1+ 46.
Kh2 Qf2+ 47. Qg2 Qf4+ 48. Qg3 Qxc4 49. Qe3+ Kg7 50. Qe7+ Kh6 51. d6 Qf4+ 52.
Kg2 Qd2+ 53. Kf3 Qd5+ 54. Ke3 Qc5+ 55. Ke4 Qb4+ 56. Kd5 Qb5+ 57. Ke4 Qc4+ 58.
Ke3 Qc5+ 59. Ke2 Qc2+ 60. Kf3 Qf5+ 61. Kg2 Qc2+ 62. Kf3 Qf5+ 63. Kg2 Qd5+ 64.
Kf2 Qd2+ 65. Kf3 Qd5+ 66. Ke3 Qc5+ 67. Kd3 Qd5+ 68. Ke3 Qc5+ 1/2-1/2

[Event "2. Memorial Oliver Gonzalez 2011"]
[Site "Madrid ESP"]
[Date "2011.10.16"]
[Round "9.24"]
[White "Cuadrado Lopez, Francisco Javie"]
[Black "Blanco Sanchez, Jose Fernando"]
[Result "1/2-1/2"]
[WhiteElo "1967"]
[BlackElo "2115"]
[PlyCount "66"]
[EventDate "2011.10.08"]
[EventType "swiss"]
[EventRounds "9"]
[EventCountry "ESP"]
[Source "lmi"]
[SourceDate "2011.10.08"]

1. e4 d6 2. d4 e5 3. dxe5 dxe5 4. Qxd8+ Kxd8 5. Nf3 Bd6 6. Nc3 c6 7. Bg5+ f6 8.
O-O-O Kc7 9. Be3 Be6 10. Nd2 g6 11. Bc4 Bg4 12. f3 Bc8 13. Bb3 Na6 14. Bf7 Bf8
15. Nb3 Bh6 16. Rhe1 Bxe3+ 17. Rxe3 Nh6 18. Bc4 b5 19. Be2 Be6 20. Red3 Nf7 21.
R3d2 Rhd8 22. a4 bxa4 23. Nxa4 Bxb3 24. cxb3 Nb4 25. Nc5 Rxd2 26. Rxd2 Nd6 27.
g3 Re8 28. Rd1 Re7 29. Kd2 Nb5 30. Bxb5 cxb5 31. Kc3 Na2+ 32. Kc2 a5 33. Nd3
Kb6 1/2-1/2

[Event "2. Memorial Oliver Gonzalez 2011"]
[Site "Madrid ESP"]
[Date "2011.10.16"]
[Round "9.25"]
[White "Aragon Gutierrez, Alejandro"]
[Black "Garcia Diaz, Victor Manuel"]
[Result "1/2-1/2"]
[WhiteElo "1732"]
[BlackElo "2114"]
[PlyCount "166"]
[EventDate "2011.10.08"]
[EventType "swiss"]
[EventRounds "9"]
[EventCountry "ESP"]
[Source "lmi"]
[SourceDate "2011.10.08"]

1. d4 b5 2. Nf3 Bb7 3. Bf4 a6 4. Nbd2 Nf6 5. e3 e6 6. c4 b4 7. Bd3 c5 8. O-O
cxd4 9. Nxd4 Nc6 10. N2f3 Qb6 11. Bg3 Be7 12. Qe2 O-O 13. Rfd1 d6 14. h3 Rfe8
15. Rac1 Rad8 16. Bb1 Nb8 17. Qc2 Nbd7 18. b3 Nf8 19. Qe2 Ne4 20. Bxe4 Bxe4 21.
Nd2 Bb7 22. Kh2 f5 23. f3 Bc8 24. Bf2 e5 25. Nxf5 Bf6 26. e4 Qc7 27. Ne3 Bg5
28. Nd5 Qf7 29. Nxb4 Qh5 30. Nd5 Ng6 31. Rc2 Rf8 32. Nf1 Qh6 33. Be3 Nf4 34.
Nxf4 exf4 35. Bd4 Rde8 36. Qd3 Re6 37. Kg1 Rg6 38. Kf2 Bh4+ 39. Kg1 Be7 40. Kh1
Qh5 41. Bg1 Be6 42. a3 Kh8 43. b4 Rh6 44. c5 dxc5 45. Bxc5 Bxc5 46. Rxc5 Qh4
47. Rc2 g5 48. Nh2 Rhf6 49. Rc6 h5 50. Qd4 Kh7 51. e5 Rg6 52. Qb6 Re8 53. Rcd6
g4 54. fxg4 hxg4 55. hxg4 Rh6 56. Qg1 Kg6 57. R1d3 Qxg4 58. g3 Reh8 59. Rxe6+
Qxe6 60. Rd6 Rxh2+ 61. Qxh2 Rxh2+ 62. Kxh2 fxg3+ 63. Kxg3 Qxd6 64. exd6 Kf6 65.
Kf4 Ke6 66. d7 Kxd7 67. Ke5 Ke7 68. Kd5 Kd7 69. Kc5 Kc7 70. a4 Kb7 71. Kc4 Kc6
72. Kd4 Kd6 73. Kc4 Kc6 74. b5+ axb5+ 75. axb5+ Kb6 76. Kb4 Kb7 77. Kc5 Kc7 78.
b6+ Kb7 79. Kb5 Kb8 80. Ka6 Ka8 81. Kb5 Kb8 82. Kc6 Kc8 83. b7+ Kb8 1/2-1/2

[Event "2. Memorial Oliver Gonzalez 2011"]
[Site "Madrid ESP"]
[Date "2011.10.16"]
[Round "9.27"]
[White "Barajas Fernandez, Helios"]
[Black "Paredes Mancha, Antonio"]
[Result "1-0"]
[WhiteElo "2104"]
[BlackElo "2027"]
[PlyCount "41"]
[EventDate "2011.10.08"]
[EventType "swiss"]
[EventRounds "9"]
[EventCountry "ESP"]
[Source "lmi"]
[SourceDate "2011.10.08"]

1. e4 e5 2. Nf3 Nc6 3. d4 exd4 4. Nxd4 Nge7 5. Nc3 Nxd4 6. Qxd4 Nc6 7. Qe3 Be7
8. Bd2 O-O 9. O-O-O Nb4 10. a3 Na6 11. Nd5 Re8 12. Bc3 Nc5 13. Nxe7+ Qxe7 14.
Qg3 Ne6 15. f4 Kh8 16. h4 f6 17. e5 fxe5 18. Bxe5 d6 19. Bc3 Nc5 20. Re1 Be6
21. f5 1-0

[Event "2. Memorial Oliver Gonzalez 2011"]
[Site "Madrid ESP"]
[Date "2011.10.16"]
[Round "9.28"]
[White "Cabañas Jimenez, Manuel"]
[Black "Fuentes Arjona, Antonio"]
[Result "1/2-1/2"]
[WhiteElo "2102"]
[BlackElo "2001"]
[PlyCount "51"]
[EventDate "2011.10.08"]
[EventType "swiss"]
[EventRounds "9"]
[EventCountry "ESP"]
[Source "lmi"]
[SourceDate "2011.10.08"]

1. e4 c5 2. Nf3 Nc6 3. d4 cxd4 4. Nxd4 g6 5. Nc3 Bg7 6. Be3 Nf6 7. Nxc6 bxc6 8.
e5 Nd5 9. Nxd5 cxd5 10. Qxd5 Rb8 11. Bxa7 Rxb2 12. Bd4 Rxc2 13. Bd3 e6 14. Qa8
Rc6 15. O-O O-O 16. Bb5 Qh4 17. Bxc6 Qxd4 18. Bf3 Bxe5 19. Rac1 Qh4 20. g3 Qd8
21. a4 d5 22. Be2 Bd4 23. Bb5 e5 24. Bc6 Qf6 25. Bxd5 Bh3 26. Qc6 1/2-1/2

[Event "2. Memorial Oliver Gonzalez 2011"]
[Site "Madrid ESP"]
[Date "2011.10.16"]
[Round "9.29"]
[White "Cerrato Torrijos, Maria"]
[Black "Grebstad, Kjell Borre"]
[Result "0-1"]
[WhiteElo "2097"]
[BlackElo "1986"]
[PlyCount "114"]
[EventDate "2011.10.08"]
[EventType "swiss"]
[EventRounds "9"]
[EventCountry "ESP"]
[Source "lmi"]
[SourceDate "2011.10.08"]

1. e4 d5 2. exd5 Qxd5 3. Nc3 Qa5 4. d4 Nf6 5. Bd2 c6 6. Bc4 Bf5 7. Nd5 Qd8 8.
Nxf6+ exf6 9. Nf3 Qe7+ 10. Be2 Qe4 11. Rc1 Bd6 12. O-O O-O 13. Re1 Qe7 14. Bd3
Qd7 15. Bxf5 Qxf5 16. c4 g5 17. Qc2 Qxc2 18. Rxc2 Nd7 19. Bc3 Rfe8 20. Rce2
Rxe2 21. Rxe2 Rd8 22. h3 b5 23. c5 Bc7 24. b4 Nf8 25. a4 a6 26. axb5 axb5 27.
Ra2 Ne6 28. Ra6 Nf4 29. Rxc6 Nd5 30. g3 Ra8 31. Bd2 Kf8 32. h4 h6 33. hxg5 hxg5
34. Nh2 Ra2 35. Be1 Ke7 36. Ng4 Kd7 37. Rxf6 Nxf6 38. Nxf6+ Ke6 39. Ne4 Ra1 40.
Nxg5+ Kf5 41. Nf3 Ke4 42. Kg2 f6 43. Bd2 Ra3 44. Be3 Ra4 45. Nd2+ Kd5 46. Nb1
Rxb4 47. Nc3+ Kc4 48. Ne4 f5 49. Nd6+ Bxd6 50. cxd6 Ra4 51. d7 Ra8 52. Bg5 b4
53. d5 b3 54. Bf6 Kxd5 55. Kf3 Ke6 56. Bc3 Kxd7 57. Kf4 Ke6 0-1

[Event "2. Memorial Oliver Gonzalez 2011"]
[Site "Madrid ESP"]
[Date "2011.10.16"]
[Round "9.30"]
[White "Pinel Mirasierra, Jose Pablo"]
[Black "Rodriguez Diaz, Alberto Jose"]
[Result "1-0"]
[WhiteElo "2097"]
[BlackElo "1978"]
[PlyCount "76"]
[EventDate "2011.10.08"]
[EventType "swiss"]
[EventRounds "9"]
[EventCountry "ESP"]
[Source "lmi"]
[SourceDate "2011.10.08"]

1. d4 d5 2. c4 c6 3. g3 Nf6 4. Bg2 e6 5. Nf3 Bd6 6. Qc2 Nbd7 7. O-O Ne4 8. Nc3
f5 9. Nxe4 fxe4 10. Ng5 Qf6 11. Be3 h6 12. Nh3 g5 13. f3 exf3 14. Bxf3 Qg7 15.
Bh5+ Kd8 16. Rf7 Qg8 17. Raf1 e5 18. Qf5 Be7 19. Qe6 Qe8 20. Rh7 Rxh7 21. Bxe8
Nf8 22. Qg8 Be6 23. Bf7 Bxh3 24. Rf2 Kd7 25. dxe5 Rd8 26. cxd5 cxd5 27. Bxd5
Kc7 28. Rf7 Rxd5 29. Rxe7+ Kc6 30. Bd4 Rxe7 31. Qxf8 Rh7 32. Qb4 b5 33. Qc3+
Kd7 34. Kf2 Rf7+ 35. Ke3 Bg2 36. Bxa7 Re7 37. Bd4 Ke6 38. Qc6+ Kf5 1-0

[Event "2. Memorial Oliver Gonzalez 2011"]
[Site "Madrid ESP"]
[Date "2011.10.16"]
[Round "9.31"]
[White "Camarero Izquierdo, Juan Carlos"]
[Black "Vilarnovo Caamaño, Jose"]
[Result "0-1"]
[WhiteElo "1933"]
[BlackElo "2087"]
[PlyCount "44"]
[EventDate "2011.10.08"]
[EventType "swiss"]
[EventRounds "9"]
[EventCountry "ESP"]
[Source "lmi"]
[SourceDate "2011.10.08"]

1. d4 e6 2. Nc3 b6 3. e4 Bb7 4. Be3 Bb4 5. Qg4 Nf6 6. Qxg7 Rg8 7. Qh6 Bxe4 8.
O-O-O Bxc3 9. bxc3 Qe7 10. f3 Qa3+ 11. Kd2 Bg6 12. Bc4 d5 13. Bd3 Bxd3 14. Kxd3
Qa6+ 15. Kd2 Rxg2+ 16. Ke1 Nbd7 17. Bg5 O-O-O 18. Rd2 Rxd2 19. Bxd2 Qxa2 20.
Kd1 Qa1+ 21. Ke2 Rg8 22. Qe3 Rg2+ 0-1

[Event "2. Memorial Oliver Gonzalez 2011"]
[Site "Madrid ESP"]
[Date "2011.10.16"]
[Round "9.32"]
[White "Fernandez Gil, Ruben Carlos"]
[Black "Garcia Saez, Juan Carlos"]
[Result "1/2-1/2"]
[WhiteElo "1878"]
[BlackElo "2070"]
[PlyCount "147"]
[EventDate "2011.10.08"]
[EventType "swiss"]
[EventRounds "9"]
[EventCountry "ESP"]
[Source "lmi"]
[SourceDate "2011.10.08"]

1. e4 c6 2. d4 d5 3. exd5 cxd5 4. c4 Nf6 5. Nc3 e6 6. Nf3 Nc6 7. cxd5 Nxd5 8.
a3 Bd6 9. Bd3 Nf4 10. Bxf4 Bxf4 11. O-O O-O 12. Bc2 Ne7 13. g3 Bh6 14. Ne5 g6
15. Ng4 Bg7 16. Ne5 Qa5 17. Re1 Nd5 18. Qf3 Nxc3 19. bxc3 Rb8 20. Re4 f6 21.
Nc4 Qc7 22. Bb3 b5 23. Nd2 Rb6 24. d5 exd5 25. Bxd5+ Kh8 26. Rae1 Rd6 27. Re8
Rd8 28. Rxf8+ Rxf8 29. Nb3 Qd6 30. Nd4 a6 31. Nc2 Qc5 32. Nb4 f5 33. Re3 a5 34.
Nc2 Rd8 35. Rd3 Rf8 36. Qe3 Qc7 37. Nd4 Bd7 38. Qe7 Re8 39. Qf7 Rf8 40. Qe7 Qd8
41. Qc5 Qc8 42. Qb6 f4 43. Ne6 Rf6 44. Qd8+ Qxd8 45. Nxd8 fxg3 46. Nf7+ Rxf7
47. Bxf7 gxh2+ 48. Kxh2 Be5+ 49. Kg2 Bf5 50. Re3 Bd6 51. c4 Kg7 52. Bd5 b4 53.
axb4 axb4 54. Be4 Bc5 55. Re2 Bd7 56. Bc2 Kf6 57. Bb3 Bc6+ 58. f3 g5 59. Kg3 h5
60. Ra2 h4+ 61. Kg4 Bd7+ 62. Kh5 h3 63. Bd1 Bg1 64. Ra6+ Ke7 65. Rh6 Be3 66.
Kg6 Bf4 67. Rh7+ Kd6 68. c5+ Kxc5 69. Rxd7 h2 70. Rh7 Kd4 71. Kf5 Ke3 72. Kg4
Kf2 73. Rxh2+ Bxh2 74. Kxg5 1/2-1/2

[Event "2. Memorial Oliver Gonzalez 2011"]
[Site "Madrid ESP"]
[Date "2011.10.16"]
[Round "9.33"]
[White "Padin Lazaro, Jose Manuel"]
[Black "Lorite Cruz, Francisco"]
[Result "0-1"]
[WhiteElo "1737"]
[BlackElo "2038"]
[PlyCount "64"]
[EventDate "2011.10.08"]
[EventType "swiss"]
[EventRounds "9"]
[EventCountry "ESP"]
[Source "lmi"]
[SourceDate "2011.10.08"]

1. e4 c5 2. Nf3 a6 3. c4 Nc6 4. d4 cxd4 5. Nxd4 e5 6. Nc2 Nf6 7. Nc3 h6 8. Be3
d6 9. Be2 Be7 10. f3 Be6 11. Qd2 Rc8 12. b4 O-O 13. Rc1 Nh5 14. g3 Nf6 15. a3
Nh7 16. h4 f5 17. exf5 Bxf5 18. Nd5 Kh8 19. Bb6 Qe8 20. Nce3 Be6 21. Rd1 Bd8
22. b5 axb5 23. cxb5 Nd4 24. Bxd4 exd4 25. Qxd4 Bxd5 26. Nxd5 Rxf3 27. b6 Nf6
28. Nf4 d5 29. Rf1 Rxg3 30. Rg1 Rc4 31. Qf2 Rxg1+ 32. Qxg1 Rxf4 0-1

[Event "2. Memorial Oliver Gonzalez 2011"]
[Site "Madrid ESP"]
[Date "2011.10.16"]
[Round "9.36"]
[White "Lozano Sanchez, Jose Antonio"]
[Black "Horcajada Reales, Guillermo"]
[Result "1/2-1/2"]
[WhiteElo "1895"]
[BlackElo "2215"]
[PlyCount "64"]
[EventDate "2011.10.08"]
[EventType "swiss"]
[EventRounds "9"]
[EventCountry "ESP"]
[Source "lmi"]
[SourceDate "2011.10.08"]

1. e4 e6 2. Nf3 d5 3. exd5 exd5 4. d4 Bd6 5. Bd3 Ne7 6. O-O O-O 7. c3 Bf5 8.
Re1 Qd7 9. Ne5 Bxe5 10. Rxe5 Nbc6 11. Bxf5 Nxf5 12. Re2 Rfe8 13. Rxe8+ Rxe8 14.
Nd2 Nce7 15. Nf3 Ng6 16. Qd3 Nfh4 17. Bg5 Qg4 18. Nxh4 Qxg5 19. Nxg6 hxg6 20.
Kf1 c6 21. Rd1 Qf4 22. Qg3 Qf5 23. Qd3 Re4 24. f3 g5 25. h3 Qf4 26. Rd2 Re3 27.
Qc2 f5 28. Re2 Rxe2 29. Qxe2 Kf7 30. Kf2 Qc1 31. Kg3 g6 32. Qe5 Qxb2 1/2-1/2

[Event "2. Memorial Oliver Gonzalez 2011"]
[Site "Madrid ESP"]
[Date "2011.10.16"]
[Round "9.37"]
[White "Ciuro Muñoz, Ricardo"]
[Black "Ortega Morales, Pedro"]
[Result "1-0"]
[WhiteElo "2156"]
[BlackElo "1861"]
[PlyCount "87"]
[EventDate "2011.10.08"]
[EventType "swiss"]
[EventRounds "9"]
[EventCountry "ESP"]
[Source "lmi"]
[SourceDate "2011.10.08"]

1. e4 e5 2. Nf3 Nc6 3. Bb5 Nf6 4. O-O Nxe4 5. Qe2 Nf6 6. Bxc6 dxc6 7. Qxe5+ Be7
8. Re1 Be6 9. Ng5 Bd5 10. b3 h6 11. Ba3 O-O 12. Qxe7 hxg5 13. Qxf8+ Qxf8 14.
Bxf8 Kxf8 15. c4 Be4 16. Nc3 Bd3 17. Na4 b6 18. Nb2 Bg6 19. d4 Rd8 20. Rad1 Ne4
21. Re3 f5 22. f3 Nf6 23. Kf2 Kf7 24. Nd3 Kf8 25. Nb4 Rd6 26. d5 cxd5 27. Nxd5
f4 28. Re5 g4 29. Nc3 Rxd1 30. Nxd1 gxf3 31. gxf3 Kf7 32. Nc3 c6 33. Re1 Bf5
34. Ne4 Bxe4 35. fxe4 g5 36. Kf3 Ke6 37. h4 gxh4 38. Kxf4 Nh5+ 39. Kg4 Nf6+ 40.
Kxh4 Ke5 41. Kg3 Nh5+ 42. Kf3 Nf4 43. Rg1 Ne6 44. Ke3 1-0

[Event "2. Memorial Oliver Gonzalez 2011"]
[Site "Madrid ESP"]
[Date "2011.10.16"]
[Round "9.39"]
[White "Fernandez Aransay, Fernando"]
[Black "Pascual Palomo, Lucia"]
[Result "0-1"]
[WhiteElo "1886"]
[BlackElo "2119"]
[PlyCount "84"]
[EventDate "2011.10.08"]
[EventType "swiss"]
[EventRounds "9"]
[EventCountry "ESP"]
[Source "lmi"]
[SourceDate "2011.10.08"]

1. e4 e6 2. d4 d5 3. exd5 exd5 4. Bd3 Bd6 5. Nf3 Nc6 6. Qe2+ Nge7 7. Nc3 Bg4 8.
Be3 Qd7 9. h3 Bf5 10. O-O-O Bxd3 11. Qxd3 O-O-O 12. a3 f6 13. Rhe1 a6 14. Ne2
g5 15. Kb1 h5 16. Nd2 Nf5 17. c4 dxc4 18. Nxc4 Kb8 19. Qc2 Rhe8 20. Nc3 Ncxd4
21. Bxd4 Rxe1 22. Rxe1 Nxd4 23. Qg6 Rf8 24. Qxh5 Qf5+ 25. Ka2 Qxf2 26. Re8+
Rxe8 27. Qxe8+ Ka7 28. Qd7 Qf4 29. Nd5 Qg3 30. Nxd6 cxd6 31. Nxf6 Qb3+ 32. Kb1
Nb5 33. Qg4 Nxa3+ 34. Ka1 Nc2+ 35. Kb1 Qd3 36. Ka2 a5 37. b3 Nb4+ 38. Ka3 Qc3
39. Ka4 Qxf6 40. Kxa5 Nc6+ 41. Kb5 Qe5+ 42. Kc4 Qc5+ 0-1

[Event "2. Memorial Oliver Gonzalez 2011"]
[Site "Madrid ESP"]
[Date "2011.10.16"]
[Round "9.40"]
[White "De La Orden Alcocer, Alejandro"]
[Black "Spitzer Isbert, Ramon"]
[Result "0-1"]
[WhiteElo "1852"]
[BlackElo "2099"]
[PlyCount "104"]
[EventDate "2011.10.08"]
[EventType "swiss"]
[EventRounds "9"]
[EventCountry "ESP"]
[Source "lmi"]
[SourceDate "2011.10.08"]

1. c4 g6 2. Nc3 Bg7 3. Nf3 d6 4. g3 e5 5. d3 Nc6 6. Bg2 Nge7 7. Rb1 a5 8. a3
O-O 9. O-O Nd4 10. Nd2 Kh8 11. b4 axb4 12. axb4 f5 13. Bb2 g5 14. Nd5 Ng8 15.
e3 Ne6 16. Ra1 Rxa1 17. Qxa1 c6 18. Nc3 Rf6 19. b5 Ne7 20. bxc6 bxc6 21. Qa8
Nc7 22. Qa5 Rf8 23. Ne2 Ne6 24. Qxd8 Rxd8 25. Ra1 Rd7 26. Bc3 Rb7 27. Ra8 Nc7
28. Ra2 Kg8 29. f4 gxf4 30. gxf4 Ne6 31. fxe5 dxe5 32. Ra5 Rd7 33. Nc1 e4 34.
Bxg7 Kxg7 35. d4 Kf6 36. Ne2 Rb7 37. Ra2 Ng6 38. c5 Nh4 39. Kf2 Rg7 40. Ng3 Re7
41. Bh3 Ng5 42. Nh5+ Kf7 43. Nf4 Ng6 44. Nxg6 Nxh3+ 45. Kg3 hxg6 46. Nc4 f4+
47. exf4 Be6 48. Ne5+ Kf6 49. Ra8 Rb7 50. Ra3 Rb1 51. Kh4 Nxf4 52. Nxc6 Rg1 0-1

[Event "2. Memorial Oliver Gonzalez 2011"]
[Site "Madrid ESP"]
[Date "2011.10.16"]
[Round "9.41"]
[White "Lopez De Turiso Sanchez, Jose A"]
[Black "Lopez Mulet, Inigo"]
[Result "1-0"]
[WhiteElo "2084"]
[BlackElo "1839"]
[PlyCount "75"]
[EventDate "2011.10.08"]
[EventType "swiss"]
[EventRounds "9"]
[EventCountry "ESP"]
[Source "lmi"]
[SourceDate "2011.10.08"]

1. d4 Nf6 2. c4 c5 3. Nf3 cxd4 4. Nxd4 Nc6 5. Nc3 g6 6. g3 a6 7. Bg2 Nxd4 8.
Qxd4 d6 9. O-O Bg7 10. Bg5 O-O 11. Rfd1 Qc7 12. Bxf6 exf6 13. Nd5 Qd8 14. Nb6
f5 15. Qxd6 Qxd6 16. Rxd6 Rb8 17. Rb1 Be6 18. b3 Rfe8 19. Rbd1 Be5 20. R6d2 Bc3
21. Rd3 Bf6 22. Nd7 Bxd7 23. Rxd7 Rxe2 24. Rxb7 Rbe8 25. Rdd7 Re1+ 26. Bf1 R8e2
27. Kg2 Rxa2 28. c5 Rc1 29. Rxf7 Bd4 30. Rfc7 Rxf2+ 31. Kh3 Bxc5 32. Rc8+ Bf8
33. Rxc1 g5 34. Bc4+ Kh8 35. Rf1 g4+ 36. Kh4 Rxh2+ 37. Kg5 f4 38. Kxf4 1-0

[Event "2. Memorial Oliver Gonzalez 2011"]
[Site "Madrid ESP"]
[Date "2011.10.16"]
[Round "9.43"]
[White "De Vega Fernandez, Francisco J"]
[Black "Sanchez Millan, Eduardo"]
[Result "1-0"]
[WhiteElo "1829"]
[BlackElo "2017"]
[PlyCount "77"]
[EventDate "2011.10.08"]
[EventType "swiss"]
[EventRounds "9"]
[EventCountry "ESP"]
[Source "lmi"]
[SourceDate "2011.10.08"]

1. e4 Nf6 2. e5 Nd5 3. c4 Nb6 4. d4 d6 5. Nf3 Bg4 6. Be2 c6 7. b3 dxe5 8. dxe5
Qc7 9. Nbd2 N8d7 10. Bb2 e6 11. O-O h6 12. Qc2 Be7 13. Rad1 O-O 14. h3 Bh5 15.
g4 Bg6 16. Bd3 Bxd3 17. Qxd3 Rfd8 18. Qe3 Bc5 19. Bd4 Bxd4 20. Qxd4 Nf8 21. Qe3
Nbd7 22. c5 b6 23. Nc4 Nxc5 24. Nd6 Nb7 25. Qf4 Ng6 26. Qd4 c5 27. Qe4 Nxd6 28.
exd6 Qd7 29. h4 f5 30. gxf5 exf5 31. Qd5+ Qf7 32. d7 Ne7 33. Qxf7+ Kxf7 34.
Ne5+ Kf8 35. Rd6 Rab8 36. Rfd1 Rb7 37. Re6 Rc7 38. a4 Rb7 39. Rxe7 1-0

[Event "2. Memorial Oliver Gonzalez 2011"]
[Site "Madrid ESP"]
[Date "2011.10.16"]
[Round "9.45"]
[White "Tamaslacariu, Ionut"]
[Black "Campos Palacios, Daniel"]
[Result "0-1"]
[WhiteElo "1831"]
[BlackElo "1958"]
[PlyCount "118"]
[EventDate "2011.10.08"]
[EventType "swiss"]
[EventRounds "9"]
[EventCountry "ESP"]
[Source "lmi"]
[SourceDate "2011.10.08"]

1. c4 e5 2. Nc3 Bb4 3. e4 Nf6 4. Nge2 c6 5. a3 Bc5 6. d4 exd4 7. Nxd4 d6 8. Nb3
Bb6 9. Bf4 Ng4 10. c5 dxc5 11. Qxd8+ Kxd8 12. O-O-O+ Ke8 13. Bg3 Be6 14. Nd2
Ba5 15. Nc4 Bxc3 16. Nd6+ Ke7 17. bxc3 b6 18. h3 Nh6 19. Bh4+ f6 20. g4 Nf7 21.
Nf5+ Bxf5 22. exf5 Rd8 23. Bg2 Rxd1+ 24. Rxd1 Nd7 25. Bxc6 Rd8 26. Bg3 Nde5 27.
Bd5 Rc8 28. f4 Nc6 29. Re1+ Kf8 30. h4 h6 31. Re6 Ne7 32. Bc4 Rc6 33. Bb5 Rd6
34. g5 a6 35. Bxa6 Nxf5 36. Rxd6 N7xd6 37. gxh6 gxh6 38. Be1 c4 39. Bf2 b5 40.
Bc5 Ke8 41. Kd1 Kd7 42. Ke2 h5 43. Bf2 Kc6 44. Kf3 Ne7 45. Bd4 Nd5 46. Be5 fxe5
47. fxe5 Nf5 48. Ke4 Nxh4 49. Bxb5+ Kc5 50. Be8 Nxc3+ 51. Kf4 Nd5+ 52. Ke4 Nc3+
53. Ke3 Nf5+ 54. Kf4 h4 55. Kxf5 h3 56. Bh5 Nb5 57. Ke4 c3 58. Kd3 c2 59. Kxc2
h2 0-1

[Event "2. Memorial Oliver Gonzalez 2011"]
[Site "Madrid ESP"]
[Date "2011.10.16"]
[Round "9.46"]
[White "Sanchez Romero, Ruben"]
[Black "Perez Cameselle, Francisco"]
[Result "0-1"]
[WhiteElo "1741"]
[BlackElo "1938"]
[PlyCount "54"]
[EventDate "2011.10.08"]
[EventType "swiss"]
[EventRounds "9"]
[EventCountry "ESP"]
[Source "lmi"]
[SourceDate "2011.10.08"]

1. e4 g6 2. Bc4 d6 3. f4 Nf6 4. d3 d5 5. exd5 Nxd5 6. Qf3 c6 7. c3 Bg7 8. Ne2
O-O 9. O-O e5 10. fxe5 Bxe5 11. Bh6 Bg7 12. Bxg7 Kxg7 13. Nd2 Qb6+ 14. d4 Be6
15. Bb3 Nd7 16. Nf4 Nxf4 17. Qxf4 Bxb3 18. Nxb3 f5 19. Rf3 Rae8 20. Rh3 Nf6 21.
Qf3 Ng4 22. Rg3 Qc7 23. Qd3 Re3 24. Rxe3 Qxh2+ 25. Kf1 Qh1+ 26. Ke2 Qxg2+ 27.
Kd1 Nf2+ 0-1

[Event "2. Memorial Oliver Gonzalez 2011"]
[Site "Madrid ESP"]
[Date "2011.10.16"]
[Round "9.47"]
[White "Rodriguez Vignote, Javier"]
[Black "Suarez Prieto, Leopoldo"]
[Result "1-0"]
[WhiteElo "1934"]
[BlackElo "1724"]
[PlyCount "75"]
[EventDate "2011.10.08"]
[EventType "swiss"]
[EventRounds "9"]
[EventCountry "ESP"]
[Source "lmi"]
[SourceDate "2011.10.08"]

1. Nf3 d6 2. d4 Bg4 3. c4 e6 4. e4 Be7 5. Be2 Nd7 6. Nc3 c6 7. Be3 e5 8. d5
Ngf6 9. O-O Nf8 10. b4 Ng6 11. Nd2 h5 12. Nb3 Bxe2 13. Qxe2 Ng4 14. Bd2 Bg5 15.
h3 Bxd2 16. Qxd2 Nf4 17. Ne2 Qg5 18. Nxf4 exf4 19. dxc6 Ne5 20. cxb7 Rd8 21.
Qd5 Rh6 22. Kh1 Rg6 23. Rg1 Qh4 24. Qb5+ Nd7 25. Raf1 f3 26. Kh2 Qf4+ 27. g3
Qe5 28. Qxe5+ Nxe5 29. Na5 Kd7 30. Rd1 Rh6 31. Rd5 Ng4+ 32. Kh1 Nxf2+ 33. Kh2
Nxe4 34. Rf1 Nc3 35. Rf5 Nxa2 36. Rxf7+ Ke6 37. R7xf3 Nxb4 38. Re1+ 1-0

[Event "2. Memorial Oliver Gonzalez 2011"]
[Site "Madrid ESP"]
[Date "2011.10.16"]
[Round "9.48"]
[White "Gomez Ferrer, Jesus"]
[Black "Martinez Martinez, Antonio"]
[Result "1-0"]
[WhiteElo "1942"]
[BlackElo "1702"]
[PlyCount "46"]
[EventDate "2011.10.08"]
[EventType "swiss"]
[EventRounds "9"]
[EventCountry "ESP"]
[Source "lmi"]
[SourceDate "2011.10.08"]

1. e4 g6 2. d4 d6 3. f4 c6 4. c4 Bg7 5. Be3 Qa5+ 6. Qd2 Qb6 7. Nc3 Nf6 8. h3 h5
9. Nf3 Nh7 10. Be2 a6 11. O-O-O e6 12. g4 hxg4 13. hxg4 Nf6 14. Ng5 Qc7 15.
Rxh8+ Bxh8 16. Rh1 Bg7 17. e5 Ng8 18. Nce4 dxe5 19. fxe5 Bxe5 20. dxe5 Qxe5 21.
Nd6+ Kf8 22. Nxc8 Nd7 23. Bf4 Qc5 1-0

[Event "2. Memorial Oliver Gonzalez 2011"]
[Site "Madrid ESP"]
[Date "2011.10.16"]
[Round "9.50"]
[White "Fernandez Garcia, Ignacio"]
[Black "Hernandez Mateo, Borja"]
[Result "1-0"]
[WhiteElo "1932"]
[BlackElo "1746"]
[PlyCount "71"]
[EventDate "2011.10.08"]
[EventType "swiss"]
[EventRounds "9"]
[EventCountry "ESP"]
[Source "lmi"]
[SourceDate "2011.10.08"]

1. e4 c5 2. Nc3 d6 3. f4 Nc6 4. Nce2 g6 5. c3 e5 6. d3 Bg7 7. h3 exf4 8. Bxf4
Ne5 9. Qd2 b6 10. Nf3 Ba6 11. c4 Nc6 12. Nc3 Nge7 13. Be2 O-O 14. O-O f5 15.
Bh6 Bc8 16. Bxg7 Kxg7 17. Rf2 a6 18. Raf1 Rb8 19. a4 Bd7 20. exf5 Nxf5 21. Ng5
Ncd4 22. g4 Nb3 23. Qf4 Nfd4 24. Qxd6 Re8 25. Rf7+ Kg8 26. Qxd7 Qxd7 27. Rxd7
Nxe2+ 28. Nxe2 Rxe2 29. Rff7 Rbe8 30. Rg7+ Kh8 31. Rxh7+ Kg8 32. Rdg7+ Kf8 33.
Rxg6 Re1+ 34. Kg2 R8e2+ 35. Kg3 Rf1 36. Rxb6 1-0

[Event "2. Memorial Oliver Gonzalez 2011"]
[Site "Madrid ESP"]
[Date "2011.10.16"]
[Round "9.52"]
[White "Sanchez Lopez, Maria"]
[Black "Garcia Serrano, Jose M. Ii"]
[Result "1-0"]
[WhiteElo "1711"]
[BlackElo "1898"]
[PlyCount "59"]
[EventDate "2011.10.08"]
[EventType "swiss"]
[EventRounds "9"]
[EventCountry "ESP"]
[Source "lmi"]
[SourceDate "2011.10.08"]

1. d4 d5 2. c4 e6 3. Nc3 Nf6 4. cxd5 exd5 5. Bg5 Nbd7 6. e3 Be7 7. Bd3 O-O 8.
Nf3 b6 9. O-O Bb7 10. Qc2 Ne4 11. Bf4 Ndf6 12. Bxc7 Qd7 13. Bf4 Rfc8 14. Qb3
Bd6 15. Ne5 Bxe5 16. dxe5 Nd2 17. Qc2 Nxf1 18. exf6 d4 19. Bxh7+ Kh8 20. fxg7+
Kxg7 21. Be5+ Kh6 22. Bf5 Rxc3 23. bxc3 Qd5 24. Bf4+ Kg7 25. e4 Qc4 26. Rxf1
dxc3 27. Rc1 Rd8 28. h3 f6 29. Qb3 Qe2 30. Qxc3 1-0